Sergio Larrain GM: La Vanguardia Como Propósito /

محفوظ في:
التفاصيل البيبلوغرافية
المؤلف الرئيسي: Boza, Cristián (coord.)
التنسيق: كتاب
اللغة:الإسبانية
منشور في: Bogotá, Colombia : Escala, 1990
الموضوعات:
الوسوم: إضافة وسم
لا توجد وسوم, كن أول من يضع وسما على هذه التسجيلة!

MARC

LEADER 00000nam^a2200000^a^4500
001 000022178
005 20250521000000.0
009 20260310084445.938
020 |a 958-9082-56-4 
037 |a Acervo ITESO - Biblioteca 
041 |a ESP 
082 |a 720. 9  |b SOM V. 9 
100 |a Boza, Cristián  |e (coord.) 
245 1 0 |a Sergio Larrain GM: La Vanguardia Como Propósito /  |c C. Boza (coord.); tr. por: Brian J. Mallet. 
264 1 |a Bogotá, Colombia :  |b Escala,  |c 1990 
300 |a 200 p. 
336 |a texto  |b txt  |2 rdacontenido 
337 |a sin mediación  |b n  |2 rdamedio 
338 |a volumen  |b nc  |2 rdasoporte 
649 |a XX 
650 |a Arquitectura Chilena 
650 |a Arquitectos Chilenos 
910 |a Fondo General 
920 |a Impresos - Libros 
930 |a Reserva Especial 
905 |a 103 
901 |a 0221780100  |b IT1  |c REE  |i 022178  |u 20250521 
902 |a https://opac.biblio.iteso.mx/vufind/Record/000022178